Vvedenije v teoriju kompaktnych grupp preobrazovanij

Gespeichert in:
Bibliographische Detailangaben
Format: Buch
Sprache:Russisch
Veröffentlicht: Moskva Nauka 1980
Tags: Tag hinzufügen
Keine Tags, Fügen Sie das erste Tag hinzu!

MARC

LEADER 00000nam a2200000 4500
001 c129202
005 20250619091302.6
041 0 |a rus 
044 |a RU 
245 1 0 |a Vvedenije v teoriju kompaktnych grupp preobrazovanij  |c Glen E. Bredon 
264 1 |a Moskva  |b Nauka  |c 1980 
300 |a 440 s.